[Event "Asian-ch Seniors 65"]
[Site "Chess.com INT"]
[Date "2020.07.20"]
[Round "8.6"]
[White "Vijay, Thakur"]
[Black "Fardbehbahani, Behnam"]
[Result "1-0"]
[WhiteElo "1566"]
[BlackElo "1683"]
[PlyCount "157"]
[EventDate "2020.07.20"]
[EventType "swiss"]
[EventRounds "9"]
[EventCountry "UAE"]
[SourceTitle "EXT 2024"]
[Source "ChessBase"]
[SourceDate "2023.10.10"]
[SourceVersion "1"]
[SourceVersionDate "2023.10.10"]
[SourceQuality "1"]

1. e4 c5 2. d4 cxd4 3. Qxd4 Nc6 4. Qd1 Nf6 5. Bd3 d6 6. Nc3 e6 7. Bg5 Be7 8. Be3 0-0 9. Nf3 a6 10. 0-0 b5 11. a3 Bb7 12. Re1 Rc8 13. h3 Qc7 14. Rc1 Rfd8 15. Qe2 Na5 16. Bd2 Nc4 17. Bxc4 Qxc4 18. Qxc4 Rxc4 19. b3 Rcc8 20. Na2 Nxe4 21. Be3 h6 22. Nb4 Bf6 23. Bb6 Re8 24. Nxa6 Bb2 25. Rcd1 Nc3 26. Nc7 Re7 27. Rxd6 Rexc7 28. Bxc7 Rxc7 29. a4 Bxf3 30. gxf3 bxa4 31. bxa4 Nxa4 32. Re2 Nc3 33. Red2 Nd5 34. c4 Nf4 35. Rxb2 Rxc4 36. Rd8+ Kh7 37. Kh2 h5 38. Rb7 h4 39. Rxf7 Kg6 40. Rdd7 Nh5 41. Rfe7 Kf6 42. Rf7+ Kg6 43. Rc7 Ra4 44. Rfe7 Ra6 45. Rc4 Kf6 46. Rec7 g5 47. R7c6 Ra2 48. Kg2 Kf5 49. Rc2 Nf4+ 50. Kh2 Ra3 51. R6c3 Ra1 52. Rc5+ Kf6 53. Rc1 Ra3 54. R1c3 Ra7 55. Rc6 Re7 56. Rc7 Re8 57. Rc8 Re7 58. R3c7 Nd3 59. Rxe7 Kxe7 60. Rc2 Kf6 61. Rd2 Ne5 62. Kg2 Kf5 63. Ra2 Ng6 64. Ra4 Nf4+ 65. Kh2 Nd3 66. Kg2 Ne1+ 67. Kf1 Nxf3 68. Ra5+ e5 69. Ra8 Nd2+ 70. Kg2 Ne4 71. Rf8+ Ke6 72. Rg8 Kf7 73. Ra8 Kf6 74. f3 Nc3 75. Rf8+ Ke6 76. Rg8 Kf6 77. Rc8 Nd5 78. Rc6+ Kf5 79. Rd6 1-0

[Event "Asian-ch Seniors 65"]
[Site "Chess.com INT"]
[Date "2020.07.20"]
[Round "5.9"]
[White "Vijay, Thakur"]
[Black "Isaac, Ceferino"]
[Result "0-1"]
[WhiteElo "1566"]
[BlackElo "1877"]
[PlyCount "106"]
[EventDate "2020.07.20"]
[EventType "swiss"]
[EventRounds "9"]
[EventCountry "UAE"]
[SourceTitle "EXT 2024"]
[Source "ChessBase"]
[SourceDate "2023.10.10"]
[SourceVersion "1"]
[SourceVersionDate "2023.10.10"]
[SourceQuality "1"]

1. e4 c5 2. Nf3 g6 3. d4 cxd4 4. Nxd4 Bg7 5. c3 Nc6 6. Nxc6 bxc6 7. Bd3 Rb8 8. 0-0 d6 9. Qf3 Nf6 10. h3 0-0 11. Nd2 Qc7 12. Nb3 Nd7 13. Bf4 a5 14. Rab1 a4 15. Nd4 e5 16. Bg5 exd4 17. Be7 Re8 18. Bg5 dxc3 19. bxc3 Bxc3 20. Rbc1 Ne5 21. Qe2 Nxd3 22. Qxd3 Bb2 23. Rc2 a3 24. Qf3 Qa5 25. Bh6 Bd7 26. Rd1 Be5 27. Qd3 c5 28. f4 Bd4+ 29. Kh2 Qb5 30. Qf3 Qb6 31. Re2 Qd8 32. e5 Bb5 33. Red2 Ba4 34. Rf1 Rb2 35. Rxd4 cxd4 36. f5 Qe7 37. Qd5 Qxe5+ 38. Qxe5 dxe5 39. fxg6 hxg6 40. Rc1 Rxa2 41. Kg3 Rc2 42. Re1 a2 43. Bg5 Rb2 44. Ra1 Bb3 45. Bc1 Rb1 46. Rxb1 axb1Q 47. h4 Qxc1 48. Kh3 Be6+ 49. g4 Rb8 50. h5 g5 51. h6 Qe3+ 52. Kg2 Rb2+ 53. Kh1 Qc1# 0-1

[Event "Asian-ch Seniors 65"]
[Site "Chess.com INT"]
[Date "2020.07.20"]
[Round "2.7"]
[White "Vijay, Thakur"]
[Black "Wazeer Ahmad, Khan"]
[Result "0-1"]
[WhiteElo "1566"]
[BlackElo "1686"]
[PlyCount "114"]
[EventDate "2020.07.20"]
[EventType "swiss"]
[EventRounds "9"]
[EventCountry "UAE"]
[SourceTitle "EXT 2024"]
[Source "ChessBase"]
[SourceDate "2023.10.10"]
[SourceVersion "1"]
[SourceVersionDate "2023.10.10"]
[SourceQuality "1"]

1. e4 d5 2. exd5 Nf6 3. Nf3 Nxd5 4. d3 c6 5. Be2 Qc7 6. 0-0 e6 7. a3 Bd6 8. h3 0-0 9. Nbd2 e5 10. Nc4 Nf4 11. Nxd6 Qxd6 12. Be3 Nd7 13. Re1 Qg6 14. Bxf4 exf4 15. d4 f5 16. Bd3 Nf6 17. Qd2 Nh5 18. Re5 Be6 19. Rae1 Bd5 20. Bf1 Bxf3 21. Re6 Qg5 22. Kh2 Bd5 23. R6e5 b5 24. Qd3 Bc4 25. Qf3 Bd5 26. Qe2 f3 27. gxf3 Qf4+ 28. Kg1 Bxf3 29. Qe3 Qxe3 30. R1xe3 Bd5 31. b3 f4 32. Re1 Nf6 33. Re7 Rae8 34. Rxe8 Rxe8 35. Rc1 Ne4 36. c4 Bf7 37. f3 Nd2 38. Rc3 Nxf1 39. Kxf1 bxc4 40. bxc4 Re3 41. Rxe3 fxe3 42. Ke2 Bxc4+ 43. Kxe3 Kf7 44. f4 Ke6 45. Ke4 Bd5+ 46. Ke3 Kf5 47. Kd3 Kxf4 48. a4 Kg3 49. a5 Kxh3 50. Ke3 g5 51. a6 g4 52. Kf2 Kh2 53. Ke3 g3 54. Kf4 g2 55. Ke5 g1Q 56. Kd6 Qg7 57. Kc5 Qe7# 0-1